UM Logo

Expanding reading skills : (Record no. 7203)

MARC details
000 -LEADER
fixed length control field 00683nam a2200193 4500
008 - FIXED-LENGTH DATA ELEMENTS--GENERAL INFORMATION
fixed length control field 170809b xxu||||| |||| 00| 0 eng d
020 ## - INTERNATIONAL STANDARD BOOK NUMBER
International Standard Book Number 0-8384-3098-8
082 ## - DEWEY DECIMAL CLASSIFICATION NUMBER
Edition number 1990
Classification number DC 428.64
Item number M34
100 ## - MAIN ENTRY--PERSONAL NAME
9 (RLIN) 21811
Personal name Markstein, Linda
245 ## - TITLE STATEMENT
Title Expanding reading skills :
Remainder of title advanced /
Statement of responsibility, etc. Linda Markstein, Louise Hirasawa
250 ## - EDITION STATEMENT
Edition statement Second Edition
260 ## - PUBLICATION, DISTRIBUTION, ETC. (IMPRINT)
Place of publication, distribution, etc. Boston :
Name of publisher, distributor, etc. Heinle & Heinle,
Date of publication, distribution, etc. ©1990.
300 ## - PHYSICAL DESCRIPTION
Extent viii, 222 pages :
Other physical details illustrations ;
Dimensions 24 cm
500 ## - GENERAL NOTE
General note Includes bibliographical references
650 #0 - SUBJECT ADDED ENTRY--TOPICAL TERM
9 (RLIN) 21812
Topical term or geographic name as entry element English language -- Textbooks for foreign speakers
650 #0 - SUBJECT ADDED ENTRY--TOPICAL TERM
9 (RLIN) 21813
Topical term or geographic name as entry element Developmental reading
700 ## - ADDED ENTRY--PERSONAL NAME
9 (RLIN) 21814
Personal name Hirasawa, Louise
942 ## - ADDED ENTRY ELEMENTS (KOHA)
Source of classification or shelving scheme Dewey Decimal Classification
Koha item type Circulation
Holdings
Withdrawn status Lost status Source of classification or shelving scheme Damaged status Not for loan Collection code Home library Current library Date acquired Source of acquisition Total Checkouts Full call number Barcode Date last seen Copy number Price effective from Koha item type
    Dewey Decimal Classification     Circulation UM Digos College - LIC UM Digos College - LIC 08/27/2003 Donated   DC 428.64 M34 1990 15659 06/08/2021 1 08/09/2017 Circulation
    Dewey Decimal Classification     Circulation UM Digos College - LIC UM Digos College - LIC 08/27/2003 Donated   DC 428.64 M34 1990 15660 06/08/2021 2 08/09/2017 Circulation